| 000 | 00669cam a22002293a 4500 | ||
|---|---|---|---|
| 001 | 23988 | ||
| 003 | PGUSA | ||
| 005 | 20140828083519.0 | ||
| 008 | 071223s2007||||xxu|||||s|||||000 1 eng d | ||
| 040 |
_aPGUSA _beng |
||
| 042 | _adc | ||
| 050 | 4 | _aPR | |
| 100 | 1 |
_aStacpoole, H. De Vere _q(Henry De Vere), _d1863-1951 |
|
| 245 | 1 | 4 |
_aThe Man Who Lost Himself _h[electronic resource] / _cH. De Vere Stacpoole |
| 260 |
_bProject Gutenberg, _c2007 |
||
| 506 | _aPublic domain in the USA. | ||
| 516 | _aElectronic text | ||
| 653 | _aMistaken identity -- Fiction | ||
| 830 | 0 |
_aProject Gutenberg _v23988 |
|
| 856 | 4 | 0 | _uhttp://www.gutenberg.org/ebooks/23988 |
| 942 | _cEB | ||
| 999 |
_c253243 _d253243 |
||